01356nam a2200373 i 450000500170000000700030001700800410002002000180006104000350007904100130011408400110012710000340013824500850017225000220025726400390027930000240031833600270034233700330036933800280040252100530043053400230048354500580050665000460056465000500061065000400066065000340070065000370073465000270077165000540079865000460085270000540089894200150095299900150096720220317002027.0ta201109s2019 ck jr 000 fdspa d a9789585979543 aCO-BoRNBPbspaerdacCO-BoRNBP1 aspahpor aN JOR11 aJorge, Lídiad1946-eautora13aLa instrumentalinacLídia Jorge ; traducción de Luis Carlos Henao de Brigard aPrimera edición 1aBogotábCaballito de aceroc2019 a47 páginasc20 cm 2rdacontentatextobtxt 2rdamediaasin mediaciónbn 2rdacarrieravolumenbnc aRecomendado para un público mayor de 15 años tLa instrumentalina aIncluye datos biográficos de la autora en la solapa172LEMBaNovela juvenil portuguesaySiglo XX172LEMBaLiteratura juvenil portuguesaySiglo XX172LEMBaAutores portuguesesySiglo XX172LEMBaMadres solterasvNovela172LEMBaMujeres campesinasvNovela172LEMBaCiclismovNovela172LEMBaVida en el campoxAspectos socialesvNovela172LEMBaFamiliasxAspectos socialesvNovela1 aHenao de Brigard, Luis Carlos etraductor9157418 2loccBKLIT c8938d8938